[Event "Havana Gilberto Garcia Memorial-A"]
[Site "Havana"]
[Date "2024.03.02"]
[Round "6"]
[White "Del Rosario Silva, Dexnisi"]
[Black "Torres Ymas, Alejandra"]
[Result "1-0"]
[WhiteElo "1837"]
[BlackElo "1920"]
[PlyCount "55"]
[EventDate "2024.02.24"]
[EventType "tourn"]
[EventRounds "9"]
[EventCountry "CUB"]
[SourceTitle "CB13_2024"]
[SourceDate "2024.03.27"]
[SourceVersion "1"]
[SourceVersionDate "2024.03.27"]
[SourceQuality "1"]

1. d4 Nf6 2. Bg5 Ne4 3. Bf4 g6 4. f3 Nf6 5. Nc3 Bg7 6. Qd2 c6 7. e4 d6 8. Bh6 0-0 9. h4 Qa5 10. g4 Nbd7 11. h5 Bxh6 12. Qxh6 e5 13. hxg6 fxg6 14. 0-0-0 b5 15. Nh3 Re8 16. Ng5 Re7 17. dxe5 dxe5 18. Rd6 Bb7 19. Be2 Rae8 20. f4 Qc7 21. Rhd1 Nd5 22. Nxd5 cxd5 23. Rxg6+ hxg6 24. Qxg6+ Rg7 25. Qxe8+ Nf8 26. Ne6 Qf7 27. Nxg7 Qxf4+ 28. Kb1 1-0

[Event "Santiago de Cuba Province-ch final"]
[Site "Santiago de Cuba"]
[Date "2018.09.30"]
[Round "7"]
[White "Del Rosario Silva, Dexnisi"]
[Black "Lopez Paneque, Alberto Arael"]
[Result "1-0"]
[WhiteElo "1911"]
[BlackElo "1950"]
[PlyCount "41"]
[EventDate "2018.09.26"]
[EventType "swiss"]
[EventRounds "9"]
[EventCountry "CUB"]
[SourceTitle "EXT 2021"]
[Source "ChessBase"]
[SourceDate "2020.10.23"]
[SourceVersion "1"]
[SourceVersionDate "2020.10.23"]
[SourceQuality "1"]

1. e4 c5 2. Nf3 Nc6 3. Bb5 Qb6 4. Qe2 a6 5. Bxc6 Qxc6 6. d4 cxd4 7. Nxd4 Qc7 8. 0-0 d6 9. Nc3 Nf6 10. Bg5 e6 11. Kh1 b5 12. a3 Qc5 13. Bxf6 gxf6 14. Nb3 Qc7 15. f4 h5 16. f5 Bg7 17. Nd4 Rb8 18. Rae1 b4 19. axb4 Qb6 20. Qd3 Qxb4 21. Nc6 1-0

[Event "Santiago de Cuba Province-ch final"]
[Site "Santiago de Cuba"]
[Date "2018.09.29"]
[Round "6"]
[White "Torres Valiente, Brayan"]
[Black "Del Rosario Silva, Dexnisi"]
[Result "1/2-1/2"]
[WhiteElo "1811"]
[BlackElo "1911"]
[PlyCount "86"]
[EventDate "2018.09.26"]
[EventType "swiss"]
[EventRounds "9"]
[EventCountry "CUB"]
[SourceTitle "EXT 2021"]
[Source "ChessBase"]
[SourceDate "2020.10.23"]
[SourceVersion "1"]
[SourceVersionDate "2020.10.23"]
[SourceQuality "1"]

1. e4 d6 2. d4 Nf6 3. Bd3 c6 4. Ne2 Nbd7 5. f3 e5 6. Be3 d5 7. Bg5 dxe4 8. Bxe4 Be7 9. Nd2 0-0 10. 0-0 exd4 11. Nxd4 Qb6 12. N2b3 Nc5 13. Be3 Ncxe4 14. fxe4 Ng4 15. Qe2 Nxe3 16. Qxe3 Be6 17. Nf5 Qxe3+ 18. Nxe3 Bxb3 19. axb3 Bc5 20. Kf2 f5 21. Ke2 fxe4 22. Rxf8+ Rxf8 23. b4 Bxe3 24. Kxe3 a6 25. Rd1 Rf7 26. Rd8+ Rf8 27. Rxf8+ Kxf8 28. Kxe4 Ke7 29. Ke5 Kd7 30. c4 Ke7 31. c5 Kd7 32. g4 Ke7 33. h4 Kd7 34. g5 Ke7 35. h5 Kd7 36. h6 gxh6 37. gxh6 Ke7 38. b3 Kd7 39. Kf6 Kd8 40. Kg7 Ke7 41. Kh8 Kf8 42. b5 axb5 43. b4 Ke7 1/2-1/2

[Event "Santiago de Cuba Province-ch final"]
[Site "Santiago de Cuba"]
[Date "2018.09.27"]
[Round "3"]
[White "Del Rosario Silva, Dexnisi"]
[Black "Cazulo Ramirez, Jesus David"]
[Result "1-0"]
[WhiteElo "1911"]
[BlackElo "2171"]
[PlyCount "77"]
[EventDate "2018.09.26"]
[EventType "swiss"]
[EventRounds "9"]
[EventCountry "CUB"]
[SourceTitle "EXT 2021"]
[Source "ChessBase"]
[SourceDate "2020.10.23"]
[SourceVersion "1"]
[SourceVersionDate "2020.10.23"]
[SourceQuality "1"]

1. e4 e5 2. Nf3 Nc6 3. d4 exd4 4. Nxd4 Bb4+ 5. c3 Bc5 6. Be3 Bb6 7. g3 Nf6 8. Bg2 0-0 9. 0-0 Re8 10. Nd2 d5 11. Nxc6 bxc6 12. Bg5 h6 13. Bxf6 Qxf6 14. Qa4 Bg4 15. e5 Qf5 16. Rae1 Qh5 17. Qf4 g5 18. Qa4 Re6 19. c4 Rd8 20. cxd5 cxd5 21. Qb3 Be2 22. Bxd5 Bxf1 23. Nxf1 Re7 24. e6 fxe6 25. Bxe6+ Kf8 26. Re5 Qd1 27. Qb4 Rd6 28. Qe4 Kg7 29. Bb3 Rf7 30. Bxf7 Rf6 31. Rf5 Rxf7 32. Qe5+ Kf8 33. Qh8+ Ke7 34. Re5+ Kd6 35. Qd8+ Kxe5 36. Qxd1 Rxf2 37. Kh1 Rxb2 38. Qe1+ Kf6 39. Qc3+ 1-0

[Event "Santiago de Cuba Province-ch Mix4"]
[Site "Santiago de Cuba"]
[Date "2018.09.25"]
[Round "10"]
[White "Suarez Rojas, Elionays"]
[Black "Del Rosario Silva, Dexnisi"]
[Result "1-0"]
[WhiteElo "1938"]
[BlackElo "1911"]
[PlyCount "61"]
[EventDate "2018.09.19"]
[EventType "tourn"]
[EventRounds "10"]
[EventCountry "CUB"]
[SourceTitle "EXT 2021"]
[Source "ChessBase"]
[SourceDate "2020.10.23"]
[SourceVersion "1"]
[SourceVersionDate "2020.10.23"]
[SourceQuality "1"]

1. e4 c5 2. Nf3 e6 3. d4 cxd4 4. Nxd4 Bc5 5. Be3 Qb6 6. c3 Nc6 7. Nd2 Bxd4 8. Bxd4 Nxd4 9. Nc4 Qc5 10. b4 Nc2+ 11. Qxc2 Qc6 12. Rd1 d5 13. exd5 exd5 14. Ne5 Qb6 15. Rxd5 Ne7 16. Qa4+ Nc6 17. Bb5 0-0 18. Nxc6 bxc6 19. Bxc6 Bb7 20. Bxb7 Qxb7 21. Qd7 Rae8+ 22. Kd1 Qa6 23. Re1 Rxe1+ 24. Kxe1 Qxa2 25. Qc6 h6 26. g3 Qb1+ 27. Rd1 Qf5 28. Kf1 Qc2 29. Re1 Qd3+ 30. Kg2 Qf5 31. b5 1-0

[Event "Santiago de Cuba Province-ch Mix4"]
[Site "Santiago de Cuba"]
[Date "2018.09.23"]
[Round "8"]
[White "Blanco Hechavarria, Gerardo"]
[Black "Del Rosario Silva, Dexnisi"]
[Result "0-1"]
[WhiteElo "1919"]
[BlackElo "1911"]
[PlyCount "32"]
[EventDate "2018.09.19"]
[EventType "tourn"]
[EventRounds "10"]
[EventCountry "CUB"]
[SourceTitle "EXT 2021"]
[Source "ChessBase"]
[SourceDate "2020.10.23"]
[SourceVersion "1"]
[SourceVersionDate "2020.10.23"]
[SourceQuality "1"]

1. d4 d5 2. c4 Nc6 3. Nc3 dxc4 4. d5 Na5 5. Qa4+ c6 6. e4 b5 7. Qd1 b4 8. Nce2 e5 9. Ng3 cxd5 10. exd5 Bc5 11. Nf3 Nf6 12. Bg5 0-0 13. Bxf6 Qxf6 14. Ne4 Qb6 15. Qc2 Bf5 16. 0-0-0 b3 0-1

[Event "Santiago de Cuba Province-ch Mix4"]
[Site "Santiago de Cuba"]
[Date "2018.09.21"]
[Round "5"]
[White "Del Rosario Silva, Dexnisi"]
[Black "Suarez Rojas, Elionays"]
[Result "1-0"]
[WhiteElo "1911"]
[BlackElo "1938"]
[PlyCount "97"]
[EventDate "2018.09.19"]
[EventType "tourn"]
[EventRounds "10"]
[EventCountry "CUB"]
[SourceTitle "EXT 2021"]
[Source "ChessBase"]
[SourceDate "2020.10.23"]
[SourceVersion "1"]
[SourceVersionDate "2020.10.23"]
[SourceQuality "1"]

1. d4 d5 2. Nf3 Nf6 3. Bf4 c6 4. e3 Bg4 5. c4 e6 6. Nbd2 Nbd7 7. Qb3 Qb6 8. c5 Qxb3 9. axb3 Nh5 10. b4 Nxf4 11. exf4 a6 12. b5 a5 13. bxc6 bxc6 14. Bd3 Be7 15. b4 a4 16. b5 cxb5 17. Bxb5 Bxf3 18. Nxf3 Ra5 19. Bxa4 0-0 20. Ke2 Rfa8 21. Rhb1 Nf6 22. Rb7 Bf8 23. Rb4 Ne4 24. Kd3 Nxf2+ 25. Kc2 Ne4 26. Ne5 Bxc5 27. dxc5 Nxc5 28. Rab1 h6 29. Rb8+ Kh7 30. Rxa8 Rxa8 31. Bb5 Ra7 32. Bd3+ g6 33. Kc3 Kg7 34. Kd4 Nb7 35. Nc6 Ra4+ 36. Rb4 Rxb4+ 37. Nxb4 f6 38. Nc6 Kf7 39. Kc3 Nc5 40. Bc2 Nd7 41. Kd4 Nb6 42. Bd3 Na4 43. Be2 Ke8 44. Bb5 Nb2 45. Kc3 Nd1+ 46. Kd2 Nf2 47. Ke2 Ne4 48. Bd3 Nc5 49. Bxg6+ 1-0

[Event "Villa Santiago op"]
[Site "Santiago de Cuba"]
[Date "2018.08.14"]
[Round "7"]
[White "Del Rosario Silva, Dexnisi"]
[Black "Paez Mendoza, Martin Josue"]
[Result "1/2-1/2"]
[WhiteElo "1912"]
[BlackElo "1676"]
[PlyCount "26"]
[EventDate "2018.08.08"]
[EventType "swiss"]
[EventRounds "7"]
[EventCountry "CUB"]
[SourceTitle "EXT 2021"]
[Source "ChessBase"]
[SourceDate "2020.10.23"]
[SourceVersion "1"]
[SourceVersionDate "2020.10.23"]
[SourceQuality "1"]

1. d4 Nf6 2. Bf4 d6 3. e3 g6 4. Be2 Bg7 5. Nf3 0-0 6. 0-0 Nbd7 7. h3 b6 8. c4 c5 9. Nc3 Bb7 10. a4 a6 11. d5 Qc7 12. Bg3 Rac8 13. e4 Ne8 1/2-1/2

[Event "Villa Santiago op"]
[Site "Santiago de Cuba"]
[Date "2018.08.12"]
[Round "5"]
[White "Del Rosario Silva, Dexnisi"]
[Black "Ruiz Bisbe, Yamir"]
[Result "0-1"]
[WhiteElo "1912"]
[BlackElo "1981"]
[PlyCount "64"]
[EventDate "2018.08.08"]
[EventType "swiss"]
[EventRounds "7"]
[EventCountry "CUB"]
[SourceTitle "EXT 2021"]
[Source "ChessBase"]
[SourceDate "2020.10.23"]
[SourceVersion "1"]
[SourceVersionDate "2020.10.23"]
[SourceQuality "1"]

1. e4 e5 2. d4 exd4 3. Qxd4 Nc6 4. Qe3 d6 5. Nc3 Nf6 6. Bd2 Be6 7. 0-0-0 g6 8. f3 h5 9. Nd5 Bg7 10. h3 Bxd5 11. exd5+ Ne7 12. Bc3 Kf8 13. Bxf6 Bxf6 14. g4 hxg4 15. fxg4 c6 16. Kb1 Nxd5 17. Qa3 Qb6 18. Ne2 Kg7 19. Rd3 Rhe8 20. Rb3 Qf2 21. Rf3 Rxe2 22. Bxe2 Qxe2 23. Qb3 Re8 24. a3 Re3 25. Rxe3 Nxe3 26. h4 Nxg4 27. h5 gxh5 28. Rxh5 Qe1+ 29. Ka2 Qe6 30. c4 Ne3 31. Ka1 Nxc4 32. Qg3+ Kf8 0-1

[Event "Villa Santiago op"]
[Site "Santiago de Cuba"]
[Date "2018.08.11"]
[Round "4"]
[White "Del Rosario Silva, Dexnisi"]
[Black "Cuza Silva, Kevin Alejandro"]
[Result "1-0"]
[WhiteElo "1912"]
[BlackElo "1732"]
[PlyCount "89"]
[EventDate "2018.08.08"]
[EventType "swiss"]
[EventRounds "7"]
[EventCountry "CUB"]
[SourceTitle "EXT 2021"]
[Source "ChessBase"]
[SourceDate "2020.10.23"]
[SourceVersion "1"]
[SourceVersionDate "2020.10.23"]
[SourceQuality "1"]

1. e4 e5 2. d4 exd4 3. Qxd4 Nc6 4. Qe3 b6 5. Nc3 Bc5 6. Qg3 Bd4 7. Bd2 Nge7 8. 0-0-0 Bb7 9. Nf3 0-0 10. Nxd4 Nxd4 11. h4 Ne6 12. f4 f5 13. exf5 Nxf5 14. Qh2 d5 15. Bd3 c5 16. g4 Nfd4 17. f5 Nf3 18. Qg3 Nxd2 19. Rxd2 Qc7 20. Qxc7 Nxc7 21. Nb5 Nxb5 22. Bxb5 Rac8 23. Re1 Rc7 24. Rde2 Bc6 25. Bxc6 Rxc6 26. Re7 Rf7 27. Kd2 d4 28. Kd3 Rc7 29. Rxc7 Rxc7 30. Re6 Kf7 31. a4 Re7 32. Rxe7+ Kxe7 33. c3 dxc3 34. bxc3 Kd6 35. Ke4 c4 36. Kd4 g6 37. f6 a6 38. Kxc4 h6 39. g5 h5 40. Kd4 Ke6 41. c4 Kd6 42. Kc3 a5 43. Kd4 Ke6 44. c5 bxc5+ 45. Kxc5 1-0

[Event "CUB-ch U18 Girls"]
[Site "Camaguey"]
[Date "2017.06.23"]
[Round "4.6"]
[White "Del Rosario Silva, Dexnisi"]
[Black "Ramirez Borges, Elieny Yuliet"]
[Result "1/2-1/2"]
[WhiteElo "1848"]
[BlackElo "1945"]
[PlyCount "119"]
[EventDate "2017.06.21"]
[EventType "swiss"]
[EventRounds "9"]
[EventCountry "CUB"]
[SourceTitle "EXT 2023"]
[Source "ChessBase"]
[SourceDate "2022.10.05"]
[SourceVersion "1"]
[SourceVersionDate "2022.10.05"]
[SourceQuality "1"]

1. e4 e6 2. Nf3 d5 3. e5 c5 4. b4 cxb4 5. d4 Qc7 6. a3 Nc6 7. axb4 Nxb4 8. c3 Nc6 9. Bd3 f5 10. 0-0 Bd7 11. Na3 Bxa3 12. Bxa3 Nge7 13. Ng5 0-0 14. c4 h6 15. cxd5 exd5 16. Nf3 Be6 17. Bd6 Qd7 18. Bb5 Rfc8 19. Rc1 Ng6 20. Qa4 Nh8 21. Bxc6 bxc6 22. Qa6 Nf7 23. Bc5 Rc7 24. Rb1 Qc8 25. Qa5 Rb8 26. h3 Rbb7 27. Nd2 Ng5 28. Bd6 Rf7 29. f3 Rxb1 30. Rxb1 Rb7 31. Rb4 Nf7 32. Bc5 Qc7 33. Qa4 Nd8 34. Bd6 Rxb4 35. Qxb4 Qb7 36. Qc3 Nf7 37. Bb4 Qb5 38. Kh2 Nd8 39. Nb3 Nb7 40. Nc1 a5 41. Ba3 a4 42. Bb4 Nd8 43. Nd3 Nb7 44. Nf4 Nd8 45. Qa3 Bd7 46. Nd3 Ne6 47. Nb2 Nxd4 48. Qxa4 Qxa4 49. Nxa4 Ne6 50. Nc5 Bc8 51. Nxe6 Bxe6 52. Bc5 Kf7 53. f4 g5 54. Kg3 Kg6 55. Bd4 Bc8 56. Bc5 Be6 57. Bd4 h5 58. fxg5 Kxg5 59. h4+ Kg6 60. Kf4 1/2-1/2

[Event "CUB-ch U18 Girls"]
[Site "Camaguey"]
[Date "2017.06.23"]
[Round "5.8"]
[White "Wert Licea, Mile Del Carmen"]
[Black "Del Rosario Silva, Dexnisi"]
[Result "1-0"]
[WhiteElo "1868"]
[BlackElo "1848"]
[PlyCount "115"]
[EventDate "2017.06.21"]
[EventType "swiss"]
[EventRounds "9"]
[EventCountry "CUB"]
[SourceTitle "EXT 2023"]
[Source "ChessBase"]
[SourceDate "2022.10.05"]
[SourceVersion "1"]
[SourceVersionDate "2022.10.05"]
[SourceQuality "1"]

1. e4 c5 2. Nf3 e6 3. d4 cxd4 4. Nxd4 a6 5. Bd3 Qc7 6. 0-0 Nf6 7. c4 b6 8. Nc3 Bb7 9. b3 Bc5 10. Nde2 Nc6 11. Bf4 d6 12. Na4 0-0 13. Nxc5 bxc5 14. Bg5 Nd7 15. f4 Nd4 16. Nxd4 cxd4 17. Qg4 Nc5 18. Bf6 g6 19. Qg5 Nd7 20. Bxd4 e5 21. Bb2 Nc5 22. Bb1 Bxe4 23. fxe5 Bxb1 24. exd6 Qxd6 25. Raxb1 Nd3 26. Qf6 Qxf6 27. Bxf6 Rfe8 28. Rbd1 Nb4 29. Rd2 a5 30. a3 Na6 31. Rd3 Nc5 32. Rh3 Rab8 33. Rff3 Re1+ 34. Kf2 Rb1 35. Re3 R1xb3 36. Rxb3 Nxb3 37. Re3 a4 38. Re7 Nd2 39. c5 Rc8 40. c6 Kf8 41. c7 h5 42. h4 Kg8 43. Ke2 Nc4 44. Rd7 Nb6 45. Rd8+ Kh7 46. Kd3 g5 47. Rxc8 Nxc8 48. Bxg5 Kg6 49. Kc4 Kf5 50. g3 Ke6 51. Kb5 Kd5 52. Kxa4 Kc6 53. Bf4 Kb7 54. Kb5 Ne7 55. Kc5 Nc8 56. Kd5 Kb6 57. a4 Kb7 58. a5 1-0